| 000 | 00376nam a22001457a 4500 | ||
|---|---|---|---|
| 999 |
_c7921 _d7921 |
||
| 003 | OSt | ||
| 005 | 20200604104638.0 | ||
| 008 | 200604b ||||| |||| 00| 0 eng d | ||
| 020 | _a9789384082581 | ||
| 082 |
_a934 _bSEN |
||
| 100 | _a Sen, Sailendra Nath | ||
| 245 | _aA Textbook of Indian History & Culture | ||
| 260 |
_aUnited States _b Primus Books _c28 Jan 2019 |
||
| 942 | _2ddc | ||